FUNDAMENTALS OF IRRIGATION ENGINEERING (Record no. 5256)

MARC details
000 -LEADER
fixed length control field 00399nam a22001697a 4500
005 - DATE AND TIME OF LATEST TRANSACTION
control field 20160916113456.0
008 - FIXED-LENGTH DATA ELEMENTS--GENERAL INFORMATION
fixed length control field 160916b xxu||||| |||| 00| 0 eng d
020 ## - INTERNATIONAL STANDARD BOOK NUMBER
ISBN 81-85240-33-7
041 ## - LANGUAGE CODE
Language code of text/sound track or separate title eng
100 ## - MAIN ENTRY--AUTHOR NAME
Personal name SINGH,BHARAT
245 ## - TITLE STATEMENT
Title FUNDAMENTALS OF IRRIGATION ENGINEERING
250 ## - EDITION STATEMENT
Edition statement 8th
260 ## - PUBLICATION, DISTRIBUTION, ETC. (IMPRINT)
Name of publisher NEMCHAND
Year of publication 1988
300 ## - PHYSICAL DESCRIPTION
Number of Pages 600
650 ## - SUBJECT ADDED ENTRY--TOPICAL TERM
Topical Term ENGINEERING
942 ## - ADDED ENTRY ELEMENTS (KOHA)
Koha item type Books
Holdings
Lost status Damaged status Collection code Home library Current library Shelving location Date acquired Source of acquisition Cost, normal purchase price Accession Number Koha item type
    Reference JRU Library   SHELF-72-A 16/09/2016 PURCHASE 275.00 21273 Books
      JRU Library   SHELF-43-D 16/09/2016 PURCHASE 275.00 21274 Books
      JRU Library   SHELF-43-D 16/09/2016 PURCHASE 275.00 21275 Books
      JRU Library   SHELF-43-D 16/09/2016 PURCHASE 275.00 21276 Books
    Non-fiction JRU Library   SHELF-43-D 16/09/2016 PURCHASE 275.00 21277 Books